00578nam a2200181 a 4500008004100000020002200041245010300063260004800166300002700214504004100241500002000282650002300302650002500325700001900350003000100369005001700370040000900387  a0335195105 (pbk.)00aChallenging women :bpsychology's exclusions, feminist possibilities /cErica Burman ... [et al.]. aBuckingham :bOpen University Press,c1996. aviii, 210 p. ;c23 cm. aIncludes bibliographical references. aIncludes index. 0aWomenxPsychology. 0aFeminist psychology.1 aBurman, Erica.20250108161820.0 cNUST